000 00609nam a2200181Ia 4500
008 100920s9999 xx 000 0 und d
082 _b38663
_a491.462 0
100 _aदत्ता केशव.
245 _aबायका त्या बायकाच.
260 _bमॅजेस्टिक बुक स्टॉल, मुंबई.4.
_c0
300 _a78
_bसाधी
365 _b8
520 _aनाटक.
630 _aबायका त्या बायकाच.
650 _aनाटक.
730 _aबायका त्या बायकाच.
942 _cBOOK
999 _c690641
_d690638